1596 1262 1735 1561 1009 1451 1378 1326 1413 1334 1372 1663 1363 1145 1380 1637 1859 1250 1397 1142 1993 1113 1380 1263 1956 1585 1355 1755 1306 1180 1119 1663 1716 1572 1724 1518 1308 1086 1071 1481 1948 1355 1313 1021 1010 1306 1018 1108 1881 1847 1395 1321 1998 1391 1758 1095 1938 1009 1561 1870 1231 1701 1144 1985 1491 1630 1196 1590 1359 1262 1853 1824 1808 1040 1863 1940 1085 1344 1450 1254 1159 1828 1835 1549 1398 1311 1168 1039 1967 1344 1990 1923 1925 1305 1594 1315 1444 1109 1560 BCNSPRNW ULIB Ver.6.0+V

เปลี่ยนเป็นภาษาไทย

Change to English
 แสดงรายละเอียดบรรณานุกรม
  กลับหน้าหลัก

Brief Record : Get Marc (ISO 2709) : E-mail record : QR code < ปิดหน้าต่าง
LEADER : 00000nam 2200000uu 4500
001    13399110085
003     ULIB
008    110408s2547||||th 000 0 tha d
020    9749584783
060 04 WI140^bย11 2547
111 2  การประชุมวิชาการเภสัชศาสตร์^n(ครั้งที่ 2 :^d2547 :^cปทุมธานี)
245 10 การประชุมวิชาการเภสัชศาสตร์ครั้งที่ 3 เรื่อง ยาและโรคในระบบทางเดินอาหาร :^bวันที่ 29-30 มกราคม 2547 ณ ห้องประชุม 1-301 อาคารอาทิตย์ อุไรรัตน์ มหาวิทยาลัยรังสิต /^cโดย คณะเภสัชศาสตร์ มหาวิทยาลัยรังสิต ร่วมกับ สำนักงานคณะกรรมการอาหารและยา กระทรวงสาธารณสุข ; บรรณาธิการ: ทิพย์สุชน เอี่ยมสอาด... [และคนอื่นๆ]
246 30 ยาและโรคในระบบทางเดินอาหาร
250    พิมพ์ครั้งที่ 1
260    ปทุมธานี :^bคณะเภสัชศาสตร์ มหาวิทยาลัยรังสิต ,^c2547
300    253 หน้า :^bภาพประกอบ ;^c27 ซม
504    มีบรรณานุกรมและดัชนี
650  7 เภสัชศาสตร์^vการประชุม
650  7 ยารักษาโรคระบบทางเดินอาหาร
700 0  ทิพย์สุชน เอี่ยมสอาด,^eบรรณาธิการ
710 2  มหาวิทยาลัยรังสิต. ^bคณะเภสัชศาสตร์
710 2  สำนักงานคณะกรรมการอาหารและยา
945    ^p250^l0^i018915
995    ทศพร
999 ^a ใช้งานได้ทุกระบบ
รายการนี้ยังไม่มีแท็ก
คุณยังไม่ได้ล็อกอิน คุณสามารถมีกิจกรรมร่วมกับเว็บไซต์ได้ แต่ต้องล็อกอินก่อน ::
  ล็อกอิน

รายการสื่อสารสนเทศ

ลำดับที่ ประเภท เลขเรียก/บาร์โค้ด สถานที่ สถานะ
- ไม่พบข้อมูล -

BibComment


ยังไม่เคยถูกคอมเมนท์

คอมเมนท์ทรัพยากรรายการนี้
  คอมเมนท์: การประชุมวิชาการเ..


 Copyright 2026. Bcnsprnw @Library